000 00339 a2200157 4500
001 150229
040 _cEscola São Tomás de Aquino
100 _aTRAMBAIOLLI, Egidio Neto
240 1 0 _aOs exploradores
_lpor
245 1 0 _aOs exploradores
300 _a80
362 0 _a1999
440 1 _aFTD
697 _aMATEMÁTICA
942 _cBK
999 _c150229
_d150229